Famous People from Kokomo by Picture - Statistics

General Stats
  • This quiz has been taken 3 times
  • The average score is 13 of 39
Answer Stats
Picture Hint Answer % Correct
Bowler (1940-2003) Don Johnson
67%
First Female Marine (1878-1955) Opha Mae Johnson
67%
Poster Child (1971-1990) Ryan White
67%
Vocalist & Bandleader (1913-1999) Anna Mae Winburn
33%
Baseball Player (born 1986) Brandon Beachy
33%
Basketball Player (born 1989) Brandon Wood
33%
Basketball Player & Coach (1930-2020) Carl McNulty
33%
Racecar Driver (born 1966) Dave Darland
33%
Basketball Coach (born 1984) DeUnna Hendrix
33%
Navy Rear Admiral (1894-1944) Don P. Moon
33%
U.S. Representative (1926-2023) Elwood 'Bud' Hillis
33%
Inventor & Metallurgist (1857-1925) Elwood Haynes
33%
Poet & Novelist (born 1967) Honorée Fanonne Jeffers
33%
Baseball Player (born 1999) Jack Perkins
33%
Actress (1914-2009) Jane Randolph
33%
Basketball Player (1944-2004) Jim 'Goose' Ligon
33%
Basketball Player (1941-2019) Jimmy Rayl
33%
Baseball Player (born 1981) Joe Thatcher
33%
Senate Majority Leader (1849-1917) John W. Kern
33%
Conductor (1921-1998) Margaret Hillis
33%
Football Player (born 1963) Mike Hammerstein
33%
Football Player (born 1983) Mike Otto
33%
U.S. Representative (1866-1942) Milton Kraus
33%
Political Activist (born 1960) Nancy Northrup
33%
Author & Cartoonist (1928-2014) Norman Bridwell
33%
Dirt Track Racer (born 1998) Parker Price-Miller
33%
Baseball Player (born 1957) Pat Underwood
33%
Baseball Player (1890-1934) Rowdy Elliott
33%
Reality Show Contestant & Gubernatorial Nominee (born 1964) Rupert Boneham
33%
Labor Union President (born 1968) Shawn Fain
33%
Racecar Driver (born 1956) Steve Butler
33%
Journalist (born 1945) Steve Kroft
33%
Actor (1919-1980) Strother Martin
33%
Singer (born 1956) Sylvia
33%
Basketball Player (born 1995) Tayler Persons
33%
Basketball Player (born 1957) Tico Brown
33%
Baseball Player (1953-2010) Tom Underwood
33%
Business Executive (1937-2023) Kent C. Nelson
0%
Actor (born 1965) Ray Porter
0%
No matching quizzes found
Score Distribution
Percent of People with Each Score
Percentile by Number Answered
Your Score History
You have not taken this quiz